| 000 | 00583nam a22001577a 4500 | ||
|---|---|---|---|
| 003 | MACL | ||
| 005 | 20240702140605.0 | ||
| 008 | 240702b |||||||| |||| 00| 0 eng d | ||
| 040 | _cMACL | ||
| 082 | _a160/SIN | ||
| 100 |
_aसिंह्र,डाॅ. सर्वेश _982439 |
||
| 245 | _aBNB प्रतियोगी परीक्षा सीरीज सामान्य बुध्दि परीक्षण तथा तर्कशक्ति परीक्षण | ||
| 260 |
_aBhopal _bBNB publication |
||
| 650 |
_alogic _921842 |
||
| 942 |
_2ddc _cBK |
||
| 999 |
_c66938 _d66938 |
||